000 00643nam a2200217Ii 4500
003 JO-AjNU
008 230606s9999||||xx |||||||||||||| ||und||
020 _a978-13-429238-0
040 _aJO-AjNU
_beng
_erda
_cJO-AjNU
041 _aeng
050 1 4 _aTC160.H86 2017
100 3 _aHoughtalen, Roberts ,
_eauthor
_95226
245 0 0 _aFundamentals of Hydraulic Engineering Systems
250 _a5 ed
264 3 1 _aLondon :pearson , 2017
300 _a508p
336 _atext
_btxt
_2rdacontent
337 _aunmediated
_bn
_2rdamedia
338 _avolume
_bnc
_2rdacarrier
650 4 _aFundamentals of Hydraulic Engineering Systems
_95227
999 _aE2701
_c2699
_d2699